000 00963nam a2200241 a 4500
001 75456
003 BD-RjUL
005 20211209082708.0
008 190410s2017 bg a|||| bm|| 00| 0 eng d
035 _a(BD-RjUL)75674
040 _aBD-RjUL
_beng
_cBD-RjUL
_dBD-RjUL
041 _aeng
082 _223
_a344.04632
_bHOS 2017
100 1 _aHossain, Md. Rashed
_9230387
245 1 0 _aState Jurisdiction over Vessel-Source Marine Pollution in International Law:
_bImplimentation in Bangladesh /
_cMd. Rashed Hossain ;
_6Supervisor: Biswajit Chanda
260 _aRajshahi :
_bInstitute of Bangladesh, University of Rajshahi,
_c2017
300 _axvi, 283 Leaves ;
_c30 cm.
502 _aThesis (Ph. D.) -- Department of Biochemistry and Molecular Biology, University of Rajshahi, 2017
504 _aReferences: Leaves 162-174
650 _aMarine pollution Law
_vHistory
_zBangladesh
_9230388
700 _aChanda, Biswajit, Supervisor
_9230389
942 _2ddc
_cTHE
999 _c75456
_d75456